00346nam a22001217a 4500040000900000082001500009100002400024245003200048300001800080942001200098999001900110952009500129 cnust a711.4bMEE aBally Meeda9122654 aGraphics for Urban Design . a162, p;c27cm 2ddccBK c609104d609104 00102ddc4070aNITbNITd2024-05-14l0o711.4 MEEpNIT-13730r2024-05-14w2024-05-14yBK